|
|
|
|
| LEADER |
00973cam a2200229 7i4500 |
| 001 |
0000059413 |
| 005 |
20080615090000.0 |
| 008 |
080615s2006 eng |
| 020 |
# |
# |
|a 007146221X
|
| 020 |
# |
# |
|a 9780071462211
|
| 090 |
0 |
0 |
|a RJ 506 .H9
|b G6 2006
|
| 100 |
1 |
# |
|a Gottlieb, David
|
| 245 |
1 |
0 |
|a Why is my child's ADHD not better yet? :
|b recognizing the undiagnosed secondary conditions that may be affecting your child's treatment
|c David Gottlieb, Thomas Shoaf, Risa Graff.
|
| 260 |
# |
# |
|a New York:
|b McGraw-Hill,
|c 2006.
|
| 300 |
# |
# |
|a xiii, 207 p.;
|c 23 cm..
|
| 504 |
0 |
0 |
|a Includes bibliographical references (p. 187-199) and index
|
| 650 |
0 |
0 |
|a Manic depressive illness in children --
|x Popular works
|
| 650 |
0 |
0 |
|a Depression in children --
|x Popular works
|
| 650 |
0 |
0 |
|a Attention-deficit hyperactivity disorder --
|x Complications --
|x Popular works
|
| 700 |
1 |
1 |
|a Shoaf, Thomas
|
| 700 |
1 |
1 |
|a Graff, Risa
|
| 999 |
|
|
|a 1100056034
|b Book
|c Open Shelf
|e KOLEKSI TERBUKA
|